| 000 | 00635nam a22002171c 4500 | ||
|---|---|---|---|
| 001 | 9783868542936-nbs | ||
| 008 | 160506s2015 gw |||| 000u ger d | ||
| 020 |
_a9783868542936 _9978-3-86854-293-6 |
||
| 041 | _ager | ||
| 245 | 0 | 0 |
_aGewaltmassen : _büber Eigendynamik und Selbstorganisation kollektiver Gewalt |
| 264 |
_aHamburg : _bHamburger Edition, _c2015 |
||
| 300 | _a414 S. | ||
| 650 | 0 | _aMassengewalt | |
| 650 | 0 | _aKollektive Gewalt | |
| 655 | 0 | _aAufsatzsammlung | |
| 700 | 1 |
_aPaul, Axel T. _eHerausgeberIn |
|
| 700 | 1 |
_aSchwalb, Benjamin _eHerausgeberIn |
|
| 942 | _cMG | ||
| 040 | _cRU-10907106 | ||
| 003 | RU-10907106 | ||
| 999 |
_c38285 _d38285 |
||